000 01092nam a2200241Ia 4500
003 OSt
005 20210415161150.0
008 210310s2012 ck ad 000 0 spa d
020 _a9789587620610
040 _aCO-JMCR
_cCO-JMCR
041 0 _aspa
082 0 4 _a658.787 /
_bS817g
_223
100 1 _aSuarez Cervera, María Luisa,
_eautora
_925628
245 1 0 _aGestión de inventarios :
_buna nueva formula de calcular la competitividad /
_cMaría Luisa Suarez Cervera,
260 _aBogotá :
_bEdiciones de la U,
_c2012.
300 _a182 páginas :
_bilustraciones en blanco y negro ;
_c24 cm.
505 0 _aLos materiales. -- La gestión de stocks. -- Principales sistemas de gestión de stocks. -- Gestión de stocks. -- Gestión de almacenes.
520 0 _aEl texto presenta las distintas formas de administrar el inventario en una empresa, y la importancia que una buena gestión tiene para el funcionamiento de la misma.
650 1 4 _aVender que vendan.
_936890
650 2 4 _aPor qué compra la gente
_936891
650 2 4 _aComprometerse en las ventas
_936892
942 _2ddc
_cBK
999 _c11476
_d11476